Les joueurs de football les mieux payés au monde en 2023 - Statistiques

Statistiques générales
  • Ce quiz a été pris 848 fois
  • Le résultat moyen est 7 sur 11
Statistiques - réponses
Rang salaire annuel Footballeur % Correct
1er 260 MILLIONS Cristiano Ronaldo
100%
2e 135 MILLIONS Lionel Messi
99%
4e 110 MILLIONS Kylian Mbappé
98%
3e 112 MILLIONS Neymar
93%
6e 58 MILLIONS Erling Haaland
68%
5e 106 MILLIONS Karim Benzema
67%
7e 53 MILLIONS Mohamed Salah
53%
9e 39 MILLIONS Kevin De Bruyne
47%
8e 52 MILLIONS Sadio Mané
45%
10e 36 MILLIONS Harry Kane
38%
11e 34 MILLIONS Robert Lewandowski
38%
Aucun quiz correspondant
Distribution des résultats
% des personnes avec chaque résultat
Percentile par nombre de réponses
Votre historique - résultats
Vous n’avez pas pris ce quiz